000 00638nam a2200217 a 4500
001 000038992
005 20240514073717.0
008 130510s1987 dr r 000 0 spa d
040 _aDO-SdBNP
_bspa
_cBNPHU
082 _a155.2
_bI46h
100 1 _aIngenieros, José,
_d1877-1925
_916601
245 1 3 _aEl hombre mediocre /
_cJosé Ingenieros.
250 _a3a. ed.
260 _aSanto Domingo :
_bPublicaciones América,
_c1987.
300 _a224 p. ;
_c22 cm.
590 _aInventariado, 2019/BT
650 4 _aCarácter
_97510
650 0 _aÉtica
_9509
650 4 _aSeres humanos
_94756
910 _aValidado. control de calidad. MFF
999 _c38482
_d38482